[Event "West Wales Open"]
[Site "?"]
[Date "2022.11.13"]
[Round "4.8"]
[White "Sipho, Donovan"]
[Black "Evans, Nicholas"]
[Result "0-1"]
[WhiteElo "1640"]
[BlackElo "1911"]
[Annotator "kemen"]
[PlyCount "92"]
[EventDate "2022.11.13"]
[SourceVersionDate "2022.11.14"]

{[%evp 0,12,19,-12,-9,-12,-4,-4,17,20,68,89,71,65,97]} 1. c4 Nf6 2. Nc3 e6 3.
e4 e5 (3... d5 {main}) 4. Be2 (4. Nf3) 4... g6 5. Nf3 d6 6. d4 Nbd7 7. d5 (7.
O-O) 7... Bg7 8. Be3 O-O 9. O-O (9. b4 {0-2}) 9... Ng4 (9... c5 {transposes to
1012 games}) 10. Bd2 (10. Bg5 f6 11. Bd2 Nh6 {Ter Sahakyan-Zhao, RB! qual
blitz 2020,1-0}) 10... f5 (10... Ngf6 {Fritz15 & Komodo9; played in
Mueller-Vetter, DESC email, 2016,1-0} 11. Bg5 h6 12. Be3 Ng4 {transposes to 60
games}) 11. Ne1 (11. Ng5 $16 {Cloud Engines- Bl normally gets a chance to play
h6 before venturing on f5 to prevent this incursion} Ndf6 12. Ne6 Bxe6 13. dxe6
c6 14. c5 dxc5 15. exf5 gxf5 16. h3 Nh6 17. Qc2 $16 {KomodoDragon3}) 11... Ndf6
12. f3 Nh6 13. Bg5 f4 $11 14. Kh1 Nf7 15. Bh4 g5 16. Bf2 h5 17. Rg1 $6 {
Wh should not just defend his K side (it gives Bl all the practical chances) -
rather -open up lines on the Q side for a counteratttack is the classic
approach against a King's Indian} (17. c5 {the point behind a B retreat rather
than exchanging for a N earlier} Bh6 18. Rc1 g4 19. cxd6 cxd6 20. Nb5 Bd7 (
20... Ne8 $5 21. Nxa7 (21. fxg4 Ng5 22. Bh4 Qd7 23. gxh5 Nxe4 24. Rc4 N4f6 25.
Qc2 Nxd5 {the Engine gives Wh as winning this, but anything could have
happened before and now} 26. Rxc8 Rxc8 27. Qg6+ Bg7 28. Nxa7 f3 29. Bb5 fxg2+
30. Qxg2 Rxf1+ 31. Qxf1 Rc6 32. Qf3 Ne7 {is still mostly uncalculable by most
humans}) 21... Bd7 (21... g3 22. Bg1 Bd7 23. Qb3 h4 24. Rc2 (24. h3 Bxh3 25.
gxh3 Qd7 $19) 24... h3 {and life gets complicated})) 21. Nc7 Rc8 22. Ne6 {
a N gets there in the end- both sides have chances}) 17... g4 18. fxg4 {
surely this helps Bl'a attacking momentum ?} (18. Nd3 Bh6 19. g3 $11 {KD3- and
it's still a fight}) 18... hxg4 $19 19. Bh4 $2 Nh6 (19... Nxe4 $1 20. Nxe4 Qxh4
$19) 20. Nd3 Qe8 21. g3 Qg6 (21... f3 $19 {F15 & KD3} 22. Bf1 Qg6 23. Nf2 Nh5
24. c5 Bf6 25. Bxf6 Rxf6 26. Rc1 Rf7 $15 {and sooner or later Bl breaks
through on the h file}) 22. Nf2 Kh8 23. Bd3 (23. gxf4 exf4 24. e5 $1 {opens up
e4 for the use of the Wh pieces, and blocks in the Bl pieces- what Hans Kmoch
calls a sealer/sweeper} dxe5 25. Bxf6 Qxf6 26. Bxg4 Nxg4 27. Nxg4 Qh4 28. Qf3
Bf5 29. Nf2 Bh6 30. Nce4 Rad8 31. Rae1 $11 {KD3}) 23... Nh5 $19 24. Qd2 Bf6 25.
Bxf6+ Qxf6 {F15} (25... Rxf6 {KD3}) 26. Rg2 Qg6 27. Rf1 a6 {bringing up the
resrves} (27... f3 28. Rgg1 {F15}) (27... fxg3 28. hxg3 Rf3 {KD3}) 28. a4 (28.
c5 $5 {KD3}) 28... Bd7 29. b4 Kg7 (29... fxg3 30. hxg3 Rf3 $19 {both Engines})
30. Qb2 Nf7 31. c5 Rh8 (31... Nxg3+ 32. hxg3 Ng5 $19 {KD3}) (31... fxg3 32.
hxg3 Qh6 $19 {F15, will also work}) 32. gxf4 Nxf4 33. Rg3 Rxh2+ $1 {the K side
storm breaks, long before Wh has got anywhere on the Q side} 34. Kxh2 Rh8+ (
34... Ng5 $1 {KD3}) 35. Nh3 Nxh3 36. Ne2 Qh5 (36... Nf4+ 37. Kg1 Nxd3 38. Rxd3
Qxe4 {KD3- there are many good continuations for Bl (especially with Wh' Q AWOL
}) 37. Kg2 Nf4+ (37... Nhg5 38. Kf2 Nf3 {KD3 is more precise, stopping the K
running}) 38. Kf2 (38. Rxf4 {because of the pin, this initially has the
Engines thinking Wh can hold. & Bl must find the exact moves to claim the win}
Qh1+ $1 {other moves seem only to lead to a draw} 39. Kf2 Rh2+ 40. Ke3 Qe1 $1
41. Rff3 Ng5 42. Qd2 Qxd2+ 43. Kxd2 Nxf3+ 44. Ke3 dxc5 45. bxc5 Kf6 46. Ng1 Ne1
47. Be2 Kg5 {and though Wh is only a pawn down, the outside g pawn will be
decisive.}) 38... Qh2+ 39. Ke1 Qxg3+ $1 40. Nxg3 Nxd3+ {now the N that was not
taken reaps the benefit} 41. Kd2 Nxb2 $19 42. c6 bxc6 43. dxc6 Rh2+ 44. Ke3
Bxc6 45. Nf5+ Kf8 46. a5 Bb5 0-1

[Event "West Wales Open"]
[Site "?"]
[Date "2022.11.13"]
[Round "4.9"]
[White "Williams, Duncan"]
[Black "Young, Alan J"]
[Result "0-1"]
[WhiteElo "1896"]
[BlackElo "2095"]
[Annotator "kemen"]
[PlyCount "86"]
[EventDate "2022.11.13"]
[SourceVersionDate "2022.11.14"]

{[%evp 0,17,30,28,25,12,24,24,23,16,16,16,31,2,10,8,-2,-9,2,-1]} 1. e4 e5 2.
Nf3 Nc6 3. Bc4 Nf6 4. d3 Be7 5. O-O O-O 6. Re1 d6 7. a3 (7. a4 {main, favoured
by elite GMs}) 7... Be6 8. Nbd2 Qd7 9. h3 {Houdini6 & Komodo13; 2 draws, 1 Bl
win} (9. c3 {64% for Wh; 5-4-2}) 9... Rfe8 $146 {Stockfish8} (9... Rae8 10. b4
Bd8 11. Bb2 a6 12. Nf1 Ne7 13. Bxe6 fxe6 14. c4 {Vaishali-Tan, Astana GP women,
sept 2022,1/2-1/2}) 10. Ng5 (10. Bxe6 Qxe6 11. b4 $11 {Cloud Engines}) 10...
Bxc4 11. Nxc4 Bf8 $11 (11... d5 12. exd5 Nxd5 $15 {KomodoDragon3}) 12. b4 a6
13. Nf3 h6 (13... b5 14. Nb2 d5 $15 {KD3}) 14. Bb2 g6 15. Ne3 Bg7 16. Qd2 Kh7
17. c4 $14 Nd8 18. Nd5 (18. a4) 18... Ne6 19. d4 Nxd5 20. exd5 (20. cxd5 $14)
20... Nxd4 21. Nxd4 exd4 22. Bxd4 Qf5 23. Re3 {leads to an imbalance & a
weakness in the pawn structure for Wh} (23. Rac1 $11) (23. Bxg7 Kxg7 24. Qd4+
Kg8 (24... Qf6 25. Qd2 $11 (25. Qxf6+ Kxf6 26. f3 $11)) 25. c5 $11 {KD3}) 23...
Rxe3 24. fxe3 (24. Qxe3 Bxd4 25. Qxd4 Re8 $15 {KD3}) 24... Qe4 25. Bxg7 (25.
Rf1 Bxd4 26. exd4 Kg7 27. Re1 Qf5 28. Re7 Rc8 29. a4 $11 {KD3- the active R
compensates for the doubled pawn}) 25... Kxg7 $17 26. Qd4+ $6 {makes life
easier for Bl} (26. Qc3+ Kg8 27. Rf1 Re8 28. Rf3 Re5 $17 {KD3, but may be
holdable}) 26... Qxd4 27. exd4 Re8 28. Kf2 Re4 29. Rd1 (29. Rc1 {is an Engine
idea, perhaps hopeful of getting a R to c7- often best not to have Rs guarding
weak pawns, when they should be hunting themselves}) 29... f5 30. a4 b6 31. Rd3
Kf6 (31... a5 32. bxa5 bxa5 33. c5 Kf6 34. g3 h5 35. c6 h4 36. gxh4 Rxh4 $19 {
KD3}) 32. Kf1 f4 $19 33. Kf2 g5 34. a5 bxa5 35. bxa5 Kf5 36. c5 h5 37. c6 g4
38. hxg4+ hxg4 39. g3 (39. Rb3 {activity? but Bl has a bit more of it} g3+ 40.
Kf1 Re7 (40... Rxd4 41. Rb7 Rxd5 42. Rxc7 Rxa5 43. Rd7 Rc5 44. Rxd6 a5 $19 {
but requires more calculation}) 41. Rb1 Rh7 42. Ke2 Ke4 43. Rb8 Kxd4 44. Rb6
Ke4 45. Rb4+ Kxd5 46. Rxf4 Rg7 47. Ke3 Kxc6 $19 {KD3}) 39... f3 40. Kf1 Re7 (
40... Re2 41. Rb3 Rg2 42. Rb7 Rxg3 43. Rxc7 Rg2 44. Rf7+ Ke4 45. Re7+ Kxd5 46.
c7 Rc2 47. Rg7 Kxd4 {KD3 is comfortable for Bl, but the text is simpler to play
}) 41. Rd1 Rh7 42. Kf2 Ke4 43. Kg1 Kxd5 0-1

[Event "West Wales Open"]
[Site "?"]
[Date "2022.11.13"]
[Round "4.10"]
[White "Buttell, David"]
[Black "Gay, Simon"]
[Result "0-1"]
[WhiteElo "1712"]
[BlackElo "1946"]
[Annotator "kemen"]
[PlyCount "84"]
[EventDate "2022.11.13"]
[SourceVersionDate "2022.11.14"]

{[%evp 0,29,30,27,33,5,37,31,57,64,69,69,68,68,68,67,68,55,61,32,76,71,71,69,
76,74,74,63,63,66,61,60]} 1. d4 Nf6 2. c4 c5 3. d5 b5 4. cxb5 a6 5. bxa6 Bxa6
6. Nc3 d6 7. Nf3 g6 8. g3 Bg7 9. e4 {Buttell 2-4-2} (9. Bg2) 9... Bxf1 10. Kxf1
Nbd7 11. h3 O-O 12. Kg2 {Buttell 3-2-3} Qb6 {though not faced this move before}
13. Qc2 Rfb8 14. Rb1 Qa6 15. Re1 Nb6 16. a3 $14 (16. b3 $16 Nfd7 17. Bb2 Qa5
18. Re2 c4 19. Nd1 Qxa2 20. Bxg7 Qxc2 21. Rxc2 cxb3 22. Rxb3 Kxg7 23. Nd4 Na4
24. Rxb8 Rxb8 25. Nc6 Re8 26. Ne3 {Sharevich-Reppen, EU Cup women 2010,1/2-1/2}
) 16... Rb7 17. b4 (17. b3 Nfd7 18. Ra1 Ne5 19. Nxe5 Bxe5 20. Bd2 Nd7 21. Ra2
$16 {KomodoDragon3}) 17... cxb4 (17... Nfd7 $11) 18. Rxb4 $14 Nfd7 19. Bb2 (19.
Nb5 Nc5 20. Be3 Nxd5 21. exd5 Rxb5 22. Reb1 Rab8 23. Bxc5 dxc5 24. Rxb5 Rxb5
25. Qe2 Rb6 26. Qxa6 Rxa6 27. Rb8+ Bf8 28. Ne5 Rd6 29. a4 $16 {KD3}) 19... Rc8
$11 20. Nd4 (20. Qe2 Qxe2 21. Nxe2 Bxb2 22. Rxb2 Ra7 23. Reb1 Nc4 24. Rb7 Rca8
25. Rxa7 Rxa7 26. Nfd4 Nxa3 27. Ra1 Nc5 28. Nc2 Nb5 $11 {KD3}) 20... Bxd4 21.
Rxd4 Nc4 $17 22. Ba1 Qxa3 23. Qe2 Qc5 24. Rdd1 Rb3 25. Kh1 {touching the wrong
piece?} (25. Rb1 $11) 25... Ra8 (25... Qa5 $19 26. Rc1 Ra3 27. Qc2 Nde5 28. Kg2
Rb8 {KD3- looks obscure to this human eye}) 26. Rc1 $2 (26. Rb1 Rba3 27. Rg1
Nce5 $17 {KD3}) 26... Ndb6 (26... Rxa1 27. Rxa1 Rxc3 $19 {KD3}) 27. Nd1 Qa3 28.
Rxc4 (28. Ne3 Nxe3 29. fxe3 Nd7 $15 {KD3}) 28... Nxc4 (28... Qxa1 $1 $19 {KD3})
29. Qxc4 $11 Rb1 (29... Qa4 $11) 30. Bb2 $2 (30. Bc3 $16) 30... Qf3+ 31. Kg1
Rxd1 $19 32. Qc3 Qxc3 {most humans would prefer to simplyfy with Qs off} (32...
Rxe1+ 33. Qxe1 Rb8 34. Bc3 (34. Qc3 Qd1+ 35. Kh2 f6 $19) 34... Rb3 35. Bd2 Qd3
36. Qe3 Qc2 37. Qe2 Rd3 $19 {KD3}) 33. Bxc3 Rxe1+ 34. Bxe1 Ra4 35. f3 Ra2 (
35... f5) 36. Bf2 Kf8 37. g4 e6 38. dxe6 fxe6 39. Kf1 Ke8 40. f4 d5 41. e5 Kd7
42. h4 Kc6 0-1

[Event "West Wales Open"]
[Site "?"]
[Date "2022.11.13"]
[Round "5.7"]
[White "Van Kemenade, R."]
[Black "Golding, William"]
[Result "1-0"]
[WhiteElo "1940"]
[BlackElo "1721"]
[Annotator "kemen"]
[PlyCount "63"]
[EventDate "2022.11.13"]
[SourceVersionDate "2022.11.14"]

{[%evp 0,7,27,-29,-25,-32,17,-21,11,-10]} 1. f4 Nf6 2. Nf3 d6 (2... e6 3. g3 d5
4. Bg2 c5 5. d3 Nc6 6. O-O Qb6 7. c3 Be7 {Hibbitt-Golding,4NCL congress
Basingstoke 2018,1-0}) 3. g3 c5 4. d3 g6 5. Bg2 Nc6 6. c4 (6. O-O Bg7 7. e4 {
closed Sicilian}) 6... Bg7 7. Nc3 O-O 8. O-O Bd7 (8... Rb8) (8... a6 {main
lines, eg Van Kemenade-Di-Vetta, S Wales Int 2022,1-0}) 9. h3 (9. e4 {main})
9... a6 (9... Rb8 10. e4 a6 {2-1}) 10. a4 Qc7 {puts Q on a vulnerable square} (
10... Nd4 11. Kh2 Bc6 12. e4 Qd7 13. Nxd4 cxd4 14. Nd5 Bxd5 15. cxd5 Rfc8 {
Haveland-Sagafos, Ibenfeld mem Gausdal 2006,0-1}) (10... Rb8 {3-2-1}) 11. g4 (
11. e4) 11... e6 12. Qe1 (12. e4 {looks beter}) 12... d5 {This looks premature,
yet not as staightforward as Wh felt it to be} (12... Nb4 13. Qh4 Bc6 $15 {
pm analysis}) 13. g5 (13. e4 $14 {KomodoDragon3}) 13... Nh5 14. cxd5 Bxc3 {
this leaves the K without its best protector} (14... Nb4 $1 15. d6 (15. Qh4
Nxd5 16. Nxd5 exd5 17. e4 dxe4 18. dxe4 b5 $17) 15... Qxd6 16. Ne4 Qc7 17. Qf2
Rac8 18. Bd2 Nxf4 $17 {KD3}) 15. Qxc3 {looked natural, but KD3 prefers} (15.
bxc3 exd5 16. Nh2 Ne7 17. Ng4 $16) 15... exd5 16. Qxc5 Qc8 (16... b6 17. Qe3
Rfe8 18. Qd2 d4 $11 {KD3}) (16... Nxf4 17. Bxf4 Qxf4 18. Qxd5 Qe3+ 19. Rf2 Be6
20. Qe4 Qxe4 21. dxe4 Rfd8 $11 {mostly pm analysis}) 17. Kh2 $18 Be6 18. Nh4 (
18. b4) (18. Bd2) (18. Nd4) 18... Re8 19. Qf2 Ne7 (19... d4) 20. Bd2 Qd7 21.
Bc3 h6 (21... Nc6 22. b4 $18 {KD3}) 22. gxh6 Kh7 23. e4 f5 24. Nf3 Nc6 (24...
dxe4 25. dxe4 fxe4 26. Ng5+ Kxh6 27. Rad1 Qc8 28. Nxe4 $18 {PM analysis & KD3})
25. Ng5+ Kxh6 26. Nxe6 fxe4 (26... dxe4 27. Nc5) 27. dxe4 dxe4 28. Nc5 (28. f5
$1 {KD3- considered by Wh} Qd6+ (28... gxf5 29. Bd2+ $1 {missed} e3 30. Bxe3+
f4 31. Bxf4+ Kh7 32. Be4+ Kg8 33. Rg1+ Kh8 34. Qh4 $18 {KD3}) 29. Kg1 Qg3 30.
Bd2+ e3 31. Qxe3+ Qxe3+ 32. Bxe3+ Kh7 33. fxg6+ Kg8 (33... Kxg6 34. Be4#) 34.
Bd5) 28... Qf5 29. Qe3 (29. Nxb7 e3 30. Qh4 Re6 31. Qg5+ Qxg5 32. fxg5+ Kxg5
33. Nc5 $18 {KD3}) (29. Rae1 {original idea of Wh} e3 30. Rxe3 Qxc5 31. Rxe8
Qxf2 32. Rxa8 (32. Rxf2 Rxe8 33. f5 $18) 32... Qg3+ 33. Kh1 Nxf4 34. Rh8+ Kg5
35. Bxc6 bxc6 36. Rg1 $18 {KD3}) 29... Nf6 30. Bxf6 Qxf6 31. f5+ $1 g5 32. Nxe4
1-0

[Event "West Wales Open"]
[Site "?"]
[Date "2022.11.13"]
[Round "5.8"]
[White "Turner, Joseph David"]
[Black "Bennett, Tom"]
[Result "1-0"]
[WhiteElo "1868"]
[BlackElo "1616"]
[Annotator "kemen"]
[PlyCount "37"]
[EventDate "2022.11.13"]
[SourceVersionDate "2022.11.14"]

{[%evp 0,8,29,44,52,53,47,53,53,52,65]} 1. e4 c5 2. Nc3 e6 3. Nf3 Nc6 4. Bb5
Qc7 (4... Nge7 {main}) 5. d4 (5. O-O) (5. Bxc6 {main lines}) 5... cxd4 6. Nxd4
a6 7. Be2 (7. Bxc6 bxc6 8. O-O {main, though 3-0-8}) 7... Bb4 (7... Nf6 {
main; 6-4-4}) 8. O-O (8. Qd2 Nf6 9. f3 Qb6 (9... d5 $17) 10. Nxc6 dxc6 11. b3
O-O 12. Bb2 Rd8 13. Bd3 Bd7 14. O-O-O Be8 $11 {Garcia Medina-Rodriguez Lorenzo,
Valladolid cc Regalato 1980, 0-1}) 8... b5 (8... Nf6 $11) 9. a4 $18 Bxc3 10.
bxc3 bxa4 11. Nxc6 Qxc6 12. Qd4 Nf6 13. e5 (13. Bf3) (13. Ba3) 13... Bb7 14.
Bf3 Ne4 15. Re1 (15. Rxa4) 15... f5 16. exf6 d5 (16... Qxc3 17. f7+ Kd8 18.
Rxe4 Qxd4 19. Rxd4 $18 {KomodoDragon3}) (16... Qd5 17. fxg7 Rg8 18. Rb1 Qxd4
19. cxd4 Rxg7 (19... O-O-O 20. Bxe4 Bxe4 21. Rxe4) 20. Rxb7 $18 {KD3}) 17. fxg7
Rg8 18. Rxe4 $1 dxe4 19. Bh5+ (19. Bh5+ Ke7 20. Bg5#) 1-0

[Event "West Wales Open"]
[Site "?"]
[Date "2022.11.13"]
[Round "5.9"]
[White "Hare, Roy T"]
[Black "Sipho, Donovan"]
[Result "1/2-1/2"]
[WhiteElo "1688"]
[BlackElo "1640"]
[Annotator "kemen"]
[PlyCount "76"]
[EventDate "2022.11.13"]
[SourceVersionDate "2022.11.14"]

{[%evp 0,13,30,9,52,53,52,8,4,1,-6,-37,-37,-41,-43,-43]} 1. e4 c5 2. Nf3 Nc6 3.
c3 e5 4. d3 (4. Bc4) (4. d4) (4. Bb5 {main lines}) 4... Be7 5. Be3 Nf6 6. Be2
O-O 7. Nbd2 (7. h3 {2-0-1}) 7... d5 {though B normally still on c1} 8. Bg5 {
Cloud Engines. Though Qc2 is part of a Philidor setup} d4 $17 9. Nc4 Qc7 10.
Bh4 (10. cxd4 cxd4 11. Rc1 {Cloud Engines} h6 12. Bh4 Nh5 $17) 10... b5 11.
Ncd2 Bg4 (11... Be6) 12. h3 Bh5 (12... Be6) 13. O-O (13. cxd4 cxd4 14. g4 Bg6
15. O-O $11) 13... a6 14. Nh2 Bxe2 15. Qxe2 b4 (15... Ne8 $15) 16. c4 (16. cxb4
Nxb4 17. Bxf6 Bxf6 18. g3 $14 {KomodoDragon3- Wh has possible K side chances
based on f4}) 16... Ne8 17. Bxe7 Qxe7 18. f4 (18. g3 {prepares to take back
with a pawn if Bl exhanges, which then allows Wh the g file}) 18... f5 (18...
exf4 19. Rxf4 f6 $15 {secures e5 for Bl. After the text, Wh gets access to e4
for his N}) 19. exf5 exf4 20. Qxe7 Nxe7 21. Rxf4 (21. Rae1 Nxf5 22. Rxf4 Ned6 (
22... Ne3 23. Rxf8+ Kxf8 24. Nhf1 Nxf1 25. Rxf1+ Ke7 26. Ne4 Rd8 27. Rf5 {
and the c5 pawn is lost}) 23. Re5 Rae8 24. Rxc5 {and here too} Re2 25. Rf2 Re1+
26. Nhf1 $18) 21... Rxf5 (21... Nd6 22. Ne4 Nxe4 23. dxe4 Ng6 24. Rf2 Ne5 25.
b3 a5 $14 {KD3- Bl gets some play for the lost pawn}) 22. Raf1 (22. Rxf5 Nxf5
23. Nb3 Rc8 24. Re1 Ne3 25. Nf1 Nxf1 26. Kxf1 Nf6 27. Re6 $18 {KD3- Bl's pawns
are vulnerable}) 22... Nd6 (22... Rxf4 23. Rxf4 Nf6 $11 {KD3}) 23. Ne4 Rxf4 24.
Rxf4 Nxe4 (24... Ng6 25. Rg4 Nxe4 26. Rxe4 Rf8 $11 {KD3}) 25. Rxe4 Kf8 (25...
Ng6 26. Nf3 $16 {KD3 -the Wh pieces are far better cooperating}) 26. Ng4 (26.
Nf3 Ng6 27. Ng5 Kg8 28. Ne6 Rc8 29. Kf2 Nf8 30. Kf3 g6 31. Re2 h5 32. Ng5 Nh7
33. Nxh7 Kxh7 34. Re5 Kg7 35. Ke4 h4 36. Kd5 $18 {KD3- Wh's K will gain pawns,
while Bl'K is cut off}) 26... Ng6 27. Ne5 Nxe5 28. Rxe5 Rc8 (28... Re8 $1 {
is correct- rather than defend weak pawns with a R, it must instead go hunting
down weak pawns on the other side} 29. Rf5+ Kg8 30. Rxc5 Re3 31. Ra5 Rxd3 32.
b3 Rd2 33. Rxa6 d3 34. Rd6 Kf7 35. Kh2 h5 36. h4 Ke7 37. c5 g6 38. Kg1 Rxa2 39.
Rxd3 Rb2 40. c6 Ke6 41. c7 Rc2 42. Re3+ Kf6 43. Re4 Rxc7 44. Rxb4 Kf5 45. Rb6
Rc1+ 46. Kh2 Rb1 {KD3 --is a book draw with the R behind. As the pawn advances,
the Bl R gains in mobility}) 29. Kf2 $18 Kf7 30. Kf3 Rc6 31. Ke4 Rg6 32. g4 Rh6
33. Rh5 $2 {saving a weak pawn, rather than pressing on with his own capture(s)
.In such endings it is not a question of how pawns one has, but of getting the
most advanced pawn moving & keeping the opposing pieces from coming back in
defence. Here , after taking on h3 the Bl R would have trouble getting back
into the game ( also Wh's c pawn would be much faster than Bl d pawn candidate
for promotion, even if it survives as the K can take it once the Bl c pawn is
no more)} (33. Rxc5 $1 $18 Rxh3 34. Rc7+ (34. Rh5 {now also wins}) 34... Kf6 (
34... Kg6 35. c5) 35. Ra7 (35. c5) 35... h5 36. Rxa6+ Ke7 37. Ra7+ Kf6 38. gxh5
Rxh5 39. a3 (39. Kxd4 {is simpler- as Wh can even give up his R for the g pawn
( should it become dangerously advanced)and remain with a winning pawn mass})
39... bxa3 40. Rxa3 g5 41. b4 {moving the pawn furthest away from the oposing K
} Rh2 (41... g4 42. Kf4 Rg5 $2 43. Ra6+) 42. b5 g4 43. Kxd4 g3 44. Ra1 Ke7 45.
Rg1 g2 46. Kc5 Kd8 47. b6 {speed} (47. d4 {is one wants total security against
R checks}) 47... Rh5+ 48. Kc6 Rh6+ 49. Kb7 Rh5 (49... Rg6 50. Ka7) 50. Rxg2 $18
{KD3 nudged}) 33... Rxh5 34. gxh5 Ke6 {now the Ks entry is barred} 35. h4 a5
36. b3 h6 37. Kf4 Kf6 38. Ke4 Ke6 1/2-1/2

[Event "West Wales Open"]
[Site "?"]
[Date "2022.11.13"]
[Round "5.10"]
[White "Buttell, David"]
[Black "Guy, David"]
[Result "1/2-1/2"]
[WhiteElo "1712"]
[BlackElo "1846"]
[Annotator "kemen"]
[PlyCount "67"]
[EventDate "2022.11.13"]
[SourceVersionDate "2022.11.14"]

1. d4 Nf6 2. c4 g6 3. Nc3 d5 4. Bf4 c6 (4... Bg7) 5. e3 Bg7 6. Nf3 O-O 7. h3
dxc4 (7... Nbd7) (7... Qa5) 8. Bxc4 Nbd7 9. O-O b5 (9... Nb6 10. Bb3 Nbd5 (
10... Bf5 {3-4-2}) 11. Bh2 {7 wh wins, 2 draws}) 10. Bb3 $146 {though it later
transposes to p[ositions already looked at by Engines} (10. Bd3 $16 {2-1-2}) (
10. Be2 $16 {1 Wh win, 1 draw}) 10... a6 (10... Bb7 {similar to a Meran
variation} 11. e4 b4) 11. Rc1 (11. e4 $16 {KomodoDragon3}) 11... Bb7 12. Qe2 (
12. a4 b4 13. Nb1 c5 14. Nbd2 $14 {Cloud Engines}) 12... Qb6 (12... c5 $11) 13.
Rfd1 {rather cautious} (13. e4 e6 14. Be3 c5 (14... Rac8 15. e5 Nd5 16. Nxd5
cxd5 17. h4 $18) 15. dxc5 Qa5 16. Bd4 b4 17. Na4 Rac8 18. Rfd1 $18 {
KomodoDragon3}) 13... c5 $11 14. dxc5 Nxc5 15. Nd5 Bxd5 16. Bxd5 Rac8 (16...
Nxd5 17. Rxd5 Na4 18. Be5 $11 {KD3}) 17. Ne5 (17. e4 $5 e6 18. b4 Na4 19. Be3
Qb8 20. Bc6 Nb6 21. Bg5 h6 22. Bh4 Nc4 23. e5 Nh5 24. Qe4 Qb6 25. Bd7 Rc7 26.
Be7 Rb8 27. Bc5 Qb7 28. Qxb7 Rbxb7 29. Be8 Nxe5 30. Nxe5 Bxe5 $15 {KD3}) 17...
Nxd5 18. Rxd5 Bxe5 19. Bxe5 Ne6 20. Rcd1 Rfd8 21. Rxd8+ Rxd8 22. Rxd8+ Qxd8 23.
Bc3 $11 f6 24. Qd2 Qxd2 25. Bxd2 Kf7 26. f3 Nc5 27. Kf1 e5 28. Ke2 Ke6 29. b4
Na4 30. e4 Nb2 31. Bc1 Nc4 32. Kd3 Kd6 33. h4 Ke6 34. g3 $11 1/2-1/2